Antologia de la poesia gauchesca [secchia] /

Guardado en:
Autor Principal: Secchia, Ofelia
Formato: Libro
Publicado: Buenos Aires : El Bagual, 1979
Materias:
Etiquetas: Agregar Etiqueta
Sin Etiquetas, Sea el primero en etiquetar este registro!
LEADER 00488nam a22001575a 4500
001 EHU.bham010039
003 AR-BHAM
005 20070920120110.0
008 130507s1979##################000#0#####d
082 A 8 |a 861.208 
100 1 |a Secchia, Ofelia 
245 1 0 |a Antologia de la poesia gauchesca [secchia] /  |c Ofelia Secchia 
260 |a Buenos Aires :  |b El Bagual,  |c 1979 
300 |a 545 p. 
653 |a Poesia argentina-1827-1888 
859 |a AR-BHAM  |b BIB. HUMANIDADES - General  |h A861.208  |i Se23  |k A  |p 347.81  |t Ej.1